|
|
|
|
| LEADER |
01042nam a22002777a 4500 |
| 001 |
36052 |
| 003 |
BD-DhAAL |
| 005 |
20250622104512.0 |
| 008 |
211201t1999 enka|||| b||| 001 0 eng d |
| 020 |
|
|
|a 1853963976 (pbk.)
|
| 020 |
|
|
|a 1853964409
|
| 040 |
|
|
|a BD-DhAAL
|d BD-DhAAL
|
| 082 |
|
|
|a 370.1523
|2 23
|
| 245 |
|
|
|a Young children learning /
|c edited by Tricia David.
|
| 260 |
|
|
|a London :
|b Paul Chapman,
|c 1999.
|
| 300 |
|
|
|a xii, 224 pages :
|b illustrations ;
|c 24 cm.
|
| 504 |
|
|
|a Includes bibliographical references and index
|
| 526 |
|
|
|a BIED
|
| 541 |
|
|
|a Complimentary copy from BIED
|e 36052
|
| 650 |
|
|
|a Learning, Psychology of.
|9 43426
|
| 650 |
|
|
|a Education, Primary.
|9 43427
|
| 700 |
|
|
|a David, Tricia.
|9 43428
|
| 852 |
|
|
|a Ayesha Abed Library
|c BIED Collection
|
| 942 |
|
|
|2 ddc
|c BK
|
| 999 |
|
|
|c 43340
|d 43340
|
| 952 |
|
|
|0 0
|1 0
|2 ddc
|4 0
|6 370_152300000000000_YOU
|7 0
|9 69526
|a BRACUL
|b BRACUL
|c GEN
|d 2021-12-01
|e Complimentary copy from BIED
|l 0
|o 370.1523 YOU
|p 3010036052
|r 2021-12-01
|t 1
|w 2021-12-01
|y BK
|x Transferred from BIED to General Stacks
|